NPB 日本プロ野球 シーズン30勝達成者 - Statistics

General Stats
  • This quiz has been taken 153 times
    140 since last reset
  • The average score is 6 of 19
Answer Stats
氏名 % Correct
1958, 1963 金田正一
92%
1939, 1940 ヴィクトル・スタルヒン (須田博)
75%
1957, 1958, 1959, 1961 稲尾和久
74%
1961, 1962 権藤博
69%
1959, 1960 杉浦忠
49%
1952, 1954 杉下茂
45%
1947, 1952 別所昭 (毅彦)
39%
1964 小山正明
34%
1943 藤本英雄
30%
1968 皆川睦雄
26%
1939, 1940, 1942 野口二郎
24%
1955 長谷川良平
22%
1942 林安夫
18%
1950 真田重男 (重蔵)
12%
1955 大友工
12%
1960 小野正一
7%
1961 土橋正幸
7%
1941 森弘太郎
3%
1946 白木義一郎
3%
No matching quizzes found
Score Distribution
Percent of People with Each Score
Percentile by Number Answered
Your Score History
You have not taken this quiz since the last reset